000
00296nam a22001337a 4500
008
190306b xxu||||| |||| 00| 0 eng d
020
_a
9780721601878
041
_a
eng
080
_2
7th
_a
616
100
_a
9
101
_a
PAT
245
_a
Pathologic Basis of Disease
_c
Kumar
942
_2
udc
_c
BK
999
_c
54614
_d
54614